| 000 | 00370nam a2200145Ia 4500 | ||
|---|---|---|---|
| 008 | 230917s9999||||xx |||||||||||||| ||und|| | ||
| 040 |
_e85182 _aMAIN |
||
| 041 | _aEnglish | ||
| 082 | _a342.54 S23A | ||
| 100 | _aSharma, Kusum | ||
| 245 | 0 | _aAmbedkar and Indian constitution | |
| 260 |
_aNew Delhi _bAshish Publishing House _c1992 |
||
| 300 | _avi, 265 p. | ||
| 942 | _cBK | ||
| 999 |
_c77005 _d77005 |
||